000 00570nam a22002057a 4500
999 _c11278
_d11278
003 AR-CdUCM
008 190403b ||||| |||| 00| 0 spa d
040 _aMUNICIPALIDAD PROVINCIAL DEL CUSCO
_cBIBLIOTECA MUNICIPAL DEL CUSCO
082 _aC / 869.56 /
_bR63C
100 _aRíos, Jorge
_923165
245 _a¡Cañonera ábreme paso! /
260 _aCusco.
300 _a28 páginas :
_c22 cm.
505 _aContenido: Poesías.
650 _aLiteratura Peruana
_9132
650 _aPoesía
_9139
650 _aCusco
_9772
942 _2ddc
_cLIBROS
945 _aachl